Three-Dimensional Digital Tomosynthesis Iterative Reconstruction, Artifact Reduction and Alternative Acquisition Geometry /

Yulia Levakhina gives an introduction to the major challenges of image reconstruction in Digital Tomosynthesis (DT), particularly to the connection of the reconstruction problem with the incompleteness of the DT dataset. The author discusses the factors which cause the formation of limited angle art...

Πλήρης περιγραφή

Λεπτομέρειες βιβλιογραφικής εγγραφής
Κύριος συγγραφέας: Levakhina, Yulia (Συγγραφέας)
Συγγραφή απο Οργανισμό/Αρχή: SpringerLink (Online service)
Μορφή: Ηλεκτρονική πηγή Ηλ. βιβλίο
Γλώσσα:English
Έκδοση: Wiesbaden : Springer Fachmedien Wiesbaden : Imprint: Springer Vieweg, 2014.
Σειρά:Aktuelle Forschung Medizintechnik – Latest Research in Medical Engineering
Θέματα:
Διαθέσιμο Online:Full Text via HEAL-Link
LEADER 03597nam a22004935i 4500
001 978-3-658-05697-1
003 DE-He213
005 20151031141030.0
007 cr nn 008mamaa
008 140416s2014 gw | s |||| 0|eng d
020 |a 9783658056971  |9 978-3-658-05697-1 
024 7 |a 10.1007/978-3-658-05697-1  |2 doi 
040 |d GrThAP 
050 4 |a T385 
050 4 |a TA1637-1638 
050 4 |a TK7882.P3 
072 7 |a UYQV  |2 bicssc 
072 7 |a COM016000  |2 bisacsh 
082 0 4 |a 006.6  |2 23 
100 1 |a Levakhina, Yulia.  |e author. 
245 1 0 |a Three-Dimensional Digital Tomosynthesis  |h [electronic resource] :  |b Iterative Reconstruction, Artifact Reduction and Alternative Acquisition Geometry /  |c by Yulia Levakhina. 
264 1 |a Wiesbaden :  |b Springer Fachmedien Wiesbaden :  |b Imprint: Springer Vieweg,  |c 2014. 
300 |a XVIII, 192 p. 71 illus., 6 illus. in color.  |b online resource. 
336 |a text  |b txt  |2 rdacontent 
337 |a computer  |b c  |2 rdamedia 
338 |a online resource  |b cr  |2 rdacarrier 
347 |a text file  |b PDF  |2 rda 
490 1 |a Aktuelle Forschung Medizintechnik – Latest Research in Medical Engineering 
505 0 |a Forward and Backprojection Model -- Iterative Image Reconstruction for Tomosynthesis -- Backprojected Space in Image Reconstruction -- Dual-Axis Tilt Acquisition Geometry. 
520 |a Yulia Levakhina gives an introduction to the major challenges of image reconstruction in Digital Tomosynthesis (DT), particularly to the connection of the reconstruction problem with the incompleteness of the DT dataset. The author discusses the factors which cause the formation of limited angle artifacts and proposes how to account for them in order to improve image quality and axial resolution of modern DT. The addressed methods include a weighted non-linear backprojection scheme for algebraic reconstruction and a novel dual-axis acquisition geometry. All discussed algorithms and methods are supplemented by detailed illustrations, hints for practical implementation, pseudo-code, simulation results and real patient case examples.  Contents Forward and Backprojection Model Iterative Image Reconstruction for Tomosynthesis Backprojected Space in Image Reconstruction Dual-Axis Tilt Acquisition Geometry  Target Groups Academics and practitioners in the fields of computer science, X-ray imaging, computed tomography, tomosynthesis, iterative image reconstruction and medical imaging; radiologists and physicians.  The Author Yulia Levakhina earned her doctoral degree at the Institute of Medical Engineering, University of Lübeck, under the supervision of Prof. Thorsten M. Buzug. She works at a leading innovator company among CT manufacturers, where she is responsible for the research and development of image reconstruction algorithms for high-performance and precise CT scanners.  The Editor The series Aktuelle Forschung Medizintechnik is edited by Thorsten M. Buzug.  . 
650 0 |a Computer science. 
650 0 |a Computer graphics. 
650 0 |a Biomedical engineering. 
650 1 4 |a Computer Science. 
650 2 4 |a Computer Imaging, Vision, Pattern Recognition and Graphics. 
650 2 4 |a Biomedical Engineering. 
650 2 4 |a Computer Science, general. 
710 2 |a SpringerLink (Online service) 
773 0 |t Springer eBooks 
776 0 8 |i Printed edition:  |z 9783658056964 
830 0 |a Aktuelle Forschung Medizintechnik – Latest Research in Medical Engineering 
856 4 0 |u http://dx.doi.org/10.1007/978-3-658-05697-1  |z Full Text via HEAL-Link 
912 |a ZDB-2-SME 
950 |a Medicine (Springer-11650)